000 00709nam a2200217Ia 4500
003 CO-CtgCURN
005 20250408190143.0
008 190723s9999 xx 000 0 und d
020 _a9586901203
040 _aCO-CtgCURN
_bspa
_ccoctgcurn
082 _a345.011
_bE746d
100 _aEscobar Lopez, Edgar
245 0 _aDerecho penal basico :
_bparte general /
_cEdgar Escobar Lopez
260 _aBogotá, Colombia :
_bLeyer,
_c1997
300 _a261 páginas ;
_c22 centímetros
521 _aAREA PROFESIONAL
590 _aPrograma de Derecho_18
650 _aDerecho penal
942 _cBK
_h345.011
_iE746d
_2ddc
_n0
999 _c28778
_d28778